000 00692nam a2200193Ia 4500
003 LDD
008 190117s9999 xx 000 0 und d
020 _a9788177793468
_c₹250
040 _cLDD
041 _ahi
082 _a8H1.71 पा3916मे
100 _aपाण्डे, हरीश चंद्र
245 0 _aमेरी चुनिंदा कवितायेँ
_cहरीश चंद्र पाण्डे
260 _aइलाहबाद
_bसाहित्य भण्डार
_c2014
300 _a136p.
901 _aKGP
904 _aReqst by : Jitendra Kumar Srivasta
942 _2ddc
_cH
999 _c163121
_d163121